|
|
|
|
| LEADER |
00000cam a22000004a 4500 |
| 001 |
musev2_71177 |
| 003 |
MdBmJHUP |
| 005 |
20230905051331.0 |
| 006 |
m o d |
| 007 |
cr||||||||nn|n |
| 008 |
160810s2017 xx o 00 0 eng d |
| 020 |
|
|
|a 9781439914816
|
| 020 |
|
|
|z 9781439914809
|
| 035 |
|
|
|a (OCoLC)1227051099
|
| 040 |
|
|
|a MdBmJHUP
|c MdBmJHUP
|
| 100 |
1 |
|
|a Conroy, W.
|
| 245 |
1 |
0 |
|a Bernie Sanders and the Boundaries of Reform :
|b Socialism in Burlington
|
| 264 |
|
1 |
|a [Place of publication not identified] :
|b Temple University Press,
|c 2017.
|
| 264 |
|
3 |
|a Baltimore, Md. :
|b Project MUSE,
|c 2021
|
| 264 |
|
4 |
|c ©2017.
|
| 300 |
|
|
|a 1 online resource (280 pages).
|
| 336 |
|
|
|a text
|b txt
|2 rdacontent
|
| 337 |
|
|
|a computer
|b c
|2 rdamedia
|
| 338 |
|
|
|a online resource
|b cr
|2 rdacarrier
|
| 505 |
0 |
|
|a Preface to the 2016 edition -- Burlington's vibrant politics -- Theory and method -- Burlington and capitalism -- Burlington within the federalist system -- Economic development -- The search for a progressive tax -- Foreign policy -- Sexual politics -- On the question of reform and local autonomy -- Prescription: A state-based strategy for the Left.
|
| 588 |
|
|
|a Description based on print version record.
|
| 600 |
1 |
7 |
|a Sanders, Bernard.
|2 fast
|0 (OCoLC)fst00046263.
|
| 600 |
1 |
0 |
|a Sanders, Bernard
|x Political and social views.
|
| 650 |
|
7 |
|a Socialism.
|2 fast
|0 (OCoLC)fst01123637.
|
| 650 |
|
7 |
|a Progressivism (United States politics)
|2 fast
|0 (OCoLC)fst01078751.
|
| 650 |
|
7 |
|a Politics and government.
|2 fast
|0 (OCoLC)fst01919741.
|
| 650 |
|
7 |
|a Political and social views.
|2 fast
|0 (OCoLC)fst01353986.
|
| 650 |
|
7 |
|a Municipal government.
|2 fast
|0 (OCoLC)fst01029299.
|
| 650 |
|
7 |
|a Autonomy.
|2 fast
|0 (OCoLC)fst00824163.
|
| 650 |
|
0 |
|a Progressivism (United States politics)
|v Case studies.
|
| 650 |
|
0 |
|a Autonomy
|v Case studies.
|
| 650 |
|
0 |
|a Municipal government
|z United States
|v Case studies.
|
| 650 |
|
0 |
|a Socialism
|z Vermont
|z Burlington.
|
| 651 |
|
7 |
|a Vermont
|z Burlington.
|2 fast
|0 (OCoLC)fst01207603.
|
| 651 |
|
7 |
|a United States.
|2 fast
|0 (OCoLC)fst01204155.
|
| 651 |
|
0 |
|a Burlington (Vt.)
|x Politics and government.
|
| 655 |
|
7 |
|a Case studies.
|2 fast
|0 (OCoLC)fst01423765.
|
| 655 |
|
7 |
|a Electronic books.
|2 local
|
| 710 |
2 |
|
|a Project Muse.
|e distributor
|
| 830 |
|
0 |
|a Book collections on Project MUSE.
|
| 856 |
4 |
0 |
|z Texto completo
|u https://projectmuse.uam.elogim.com/book/71177/
|
| 945 |
|
|
|a Project MUSE - Custom Collection
|
| 945 |
|
|
|a Project MUSE - Archive Complete Supplement IX
|
| 945 |
|
|
|a Project MUSE - Archive US Regional Studies, New England and Mid Atlantic Supplement IX
|